000 00604nam a2200241Ia 4500
003 OSt
005 20231027095225.0
008 210210b1963 xxu||||| |||| 00| 0 eng d
040 _cAL
041 _aeng
082 _a335/358
100 _a-
_9139646
245 _aNational income of India: 1950-51-1960-61
260 _aBombay
_bEconomic Research Dept
_c1963
650 _aof
_9139647
650 _aNational
_9139648
650 _aIndia:
_9139649
650 _aincome
_9139650
650 _a1950-51-1960-61
_9139651
690 _aIndian Economics
_9139652
906 _a004700
942 _2ddc
_cBK
999 _c127719
_d127719